[Event "Brno festival"]
[Site "?"]
[Date "2015.08.29"]
[Round "8"]
[White "Popper, Tomas"]
[Black "Glozar, Petr"]
[Result "1-0"]
[WhiteElo "2034"]
[BlackElo "1588"]
[PlyCount "137"]

1. b4 Nf6 2. Bb2 d5 3. Nf3 Bg4 4. e3 e6 5. a3 Nbd7 6. Be2 Bxf3 7. Bxf3 c6 8.
O-O Bd6 9. d4 Nb6 10. Nd2 Na4 11. Qc1 Nd7 12. c4 b5 13. cxb5 cxb5 14. Nb3 Rc8
15. Nc5 Ndb6 16. Rb1 Qh4 17. g3 Qh3 18. Bg2 Qg4 19. Qd1 Qg5 20. Qe2 Nc4 21.
Nxa4 bxa4 22. Bc1 Qg6 23. e4 O-O 24. f4 Rfe8 25. Qd3 Qg4 26. exd5 exd5 27. Bxd5
Nb6 28. Bf3 Qe6 29. d5 Qe7 30. Bd2 Red8 31. Rbc1 Bc7 32. Be3 Qd7 33. Rfd1 Na8
34. Kg2 Bb6 35. Bc5 Nc7 36. h3 f5 37. d6 Nb5 38. Bd5+ Kh8 39. Bf3 Nxd6 40. Bxb6
Rxc1 41. Bxd8 Rxd1 42. Qxd1 Qxd8 43. Qxa4 Nc4 44. Qxa7 Qd2+ 45. Qf2 Ne3+ 46.
Kg1 Qc1+ 47. Kh2 Nf1+ 48. Kh1 Nd2+ 49. Kg2 Nxf3 50. Qxf3 Qb2+ 51. Kh1 Qa1+ 52.
Kh2 Qa2+ 53. Qg2 Qxa3 54. Qc2 g6 55. Qd2 Qa4 56. Qb2+ Kg8 57. b5 Qa7 58. b6 Qb7
59. Qd4 Qa8 60. Qc4+ Kg7 61. Qb3 Qb7 62. g4 Qe4 63. Qb2+ Kh6 64. g5+ Kh5 65.
Qf2 Qc6 66. Kg3 Qc3+ 67. Qf3+ Qxf3+ 68. Kxf3 Kh4 69. b7 1-0

[Event "Brno festival"]
[Site "?"]
[Date "2015.08.29"]
[Round "8"]
[White "Tovarek, Antonin"]
[Black "Habina, Martin"]
[Result "0-1"]
[WhiteElo "1972"]
[BlackElo "2010"]
[PlyCount "66"]

1. e4 e5 2. Nf3 Nc6 3. Bb5 a6 4. Ba4 Nf6 5. O-O Be7 6. Re1 b5 7. Bb3 O-O 8. c3
d5 9. exd5 Nxd5 10. d4 exd4 11. cxd4 Bf6 12. Nc3 Be6 {(R)} 13. Ne4 Be7 14. Nfg5
Bf5 15. Ng3 Bg6 16. Nf3 Re8 17. h4 h6 18. h5 Bh7 19. Ne5 Nxe5 20. dxe5 c6 21.
Qg4 Bg5 22. f4 Nxf4 23. Nf5 Nd3 24. Nd6 Nxe5 25. Bxf7+ Kh8 26. Bxg5 Qxd6 27.
Rxe5 Rxe5 28. Bh4 Re4 29. Qh3 Qf4 30. Qc3 Qxh4 31. Rf1 Rf8 32. Qxc6 Qe7 33.
Qxa6 Qc5+ 0-1

[Event "Brno festival"]
[Site "?"]
[Date "2015.08.29"]
[Round "8"]
[White "Kuchynka, Lubos"]
[Black "Krajicek, Filip"]
[Result "1/2-1/2"]
[WhiteElo "1980"]
[BlackElo "1663"]
[PlyCount "59"]

1. d4 Nf6 2. c4 g6 3. Nc3 Bg7 4. e4 d6 5. Be2 O-O 6. Bg5 c5 7. d5 Re8 8. Nf3
Nbd7 9. O-O Qb6 10. Qc2 e6 11. h3 exd5 12. exd5 Ne5 13. Nxe5 Rxe5 14. Bf4 Bf5
15. Bd3 Bxd3 16. Qxd3 Re7 17. g4 Rae8 18. Nb5 Ne4 19. Rae1 Kf8 20. Rxe4 Rxe4
21. Nxd6 Rxf4 22. Nxe8 Bd4 23. d6 Kxe8 24. Qe2+ Kf8 25. Qe7+ Kg7 26. g5 Bxb2
27. d7 Rd4 28. Qe5+ Kg8 29. Qe8+ Kg7 30. Qe5+ 1/2-1/2

[Event "Brno festival"]
[Site "?"]
[Date "2015.08.29"]
[Round "8"]
[White "Musil, Jiri"]
[Black "Fryda, Dominik"]
[Result "1-0"]
[WhiteElo "2122"]
[BlackElo "1584"]
[PlyCount "77"]

1. d4 e6 2. c4 Nf6 3. Nf3 d5 4. Nc3 c6 5. e3 Nbd7 6. Bd3 dxc4 7. Bxc4 b5 8. Bd3
Bb7 9. e4 a6 10. e5 Nd5 11. Nxd5 cxd5 12. a4 b4 13. Bg5 Be7 14. Bxe7 Qxe7 15.
O-O O-O 16. Nd2 Nb6 17. a5 Nd7 18. f4 g6 19. Qe2 Nb8 20. g4 f6 21. exf6 Qxf6
22. Nb3 Nc6 23. g5 Qg7 24. Qxe6+ Kh8 25. Qe3 Rae8 26. Qf2 Re7 27. Rae1 Rxe1 28.
Rxe1 Qc7 29. Nc5 Bc8 30. f5 gxf5 31. Bxa6 Nxa5 32. Bxc8 Qxc8 33. Re5 f4 34. Qh4
Rf7 35. Rxd5 f3 36. g6 f2+ 37. Kf1 Re7 38. Qf6+ Kg8 39. gxh7+ 1-0

[Event "Brno festival"]
[Site "?"]
[Date "2015.08.29"]
[Round "8"]
[White "Kopecek, Ivan"]
[Black "Zuziak, Petr"]
[Result "1/2-1/2"]
[WhiteElo "1952"]
[BlackElo "1985"]
[PlyCount "129"]

1. e4 g6 2. d4 Bg7 3. Nf3 c6 4. Nc3 d5 5. Be3 Nf6 6. e5 Ne4 7. Nxe4 dxe4 8. Nd2
c5 9. c3 cxd4 10. Bxd4 Nc6 11. Bb5 O-O 12. Bxc6 bxc6 13. Nxe4 Qd5 14. Qe2 Bxe5
15. Bxe5 Qxe5 16. O-O Rb8 17. b3 Rd8 18. f4 Qb5 19. c4 Qb6+ 20. Kh1 Bf5 21. g4
Bxe4+ 22. Qxe4 e6 23. f5 Qd4 24. Qf3 exf5 25. gxf5 Qf6 26. fxg6 Qxf3+ 27. Rxf3
hxg6 28. Rf6 Rbc8 29. Raf1 Rc7 30. R1f2 a5 31. Kg2 Kg7 32. Kg3 Rd4 33. Kg2 a4
34. R2f3 Rd2+ 35. Rf2 Rxf2+ 36. Rxf2 axb3 37. axb3 c5 38. Rd2 f5 39. h4 Rc8 40.
Kg3 Kf6 41. Rd6+ Kf7 42. Kf4 Rh8 43. Kg3 Rb8 44. Rd2 Rb6 45. Kf4 Kf6 46. Rd5
Rxb3 47. Rxc5 Rh3 48. Rc6+ Kg7 49. Rc7+ Kh6 50. Ke5 Rxh4 51. Rc8 Kh5 52. c5 Rc4
53. c6 Kg4 54. c7 g5 55. Kd6 f4 56. Rf8 f3 57. c8=Q+ Rxc8 58. Rxc8 f2 59. Rf8
Kg3 60. Ke5 g4 61. Ke4 Kg2 62. Ke3 f1=Q 63. Rxf1 Kxf1 64. Kf4 Kg2 65. Kxg4
1/2-1/2

[Event "Brno festival"]
[Site "?"]
[Date "2015.08.29"]
[Round "8"]
[White "Dumkova, Daniela"]
[Black "Stehlik, Jiri"]
[Result "1/2-1/2"]
[WhiteElo "1777"]
[BlackElo "1979"]
[PlyCount "142"]

1. d4 Nf6 2. c4 d6 3. Nf3 c6 4. Nc3 Nbd7 5. g3 g6 6. Bg2 Bg7 7. O-O O-O 8. Qc2
Qc7 9. b3 Re8 10. e3 e5 11. dxe5 dxe5 12. Bb2 Nf8 13. Rfd1 Bf5 14. e4 Bg4 15.
h3 Bxf3 16. Bxf3 Ne6 17. Ne2 c5 18. Bg2 h5 19. a3 Rac8 20. Rac1 b6 21. Kh2 Nd7
22. Nc3 Nd4 23. Nd5 Nxc2 24. Nxc7 {(R)} Rxc7 25. Rxc2 Nb8 26. Rcd2 Nc6 27. Rd7
Re7 28. Rxc7 Rxc7 29. Rd5 Kf8 30. Bf1 Ke7 31. Kg2 Rd7 32. Kf3 Bh6 33. Ke2 f6
34. Kd3 Ke8 35. Be2 Ne7 36. Rxd7 Kxd7 37. b4 Nc6 38. Bc3 Bc1 39. b5 Nd8 40. a4
Ne6 41. Kc2 Bh6 42. h4 Kd6 43. Kd3 Ng7 44. Be1 Ne6 45. Bc3 Nd4 46. Bd1 Bc1 47.
Bxd4 cxd4 48. g4 hxg4 49. Bxg4 Bf4 50. h5 gxh5 51. Bxh5 Kc5 52. Bd1 Kb4 53. f3
Bh6 54. Bc2 Bf8 55. Bd1 Ka3 56. Bc2 Bc5 57. Bd1 Kb2 58. Bc2 Ka3 59. Bd1 Kb4 60.
Bc2 Bf8 61. Bd1 Kc5 62. Bc2 Bh6 63. Bd1 Kd6 64. Bc2 Bf8 65. Bd1 Ke6 66. Bc2 Bc5
67. Ke2 Kf7 68. Bd3 Kg6 69. Bc2 Kg5 70. Bd3 Kh4 71. Bc2 Kg3 1/2-1/2

[Event "Brno festival"]
[Site "?"]
[Date "2015.08.29"]
[Round "8"]
[White "Spodny, Josef"]
[Black "Straka, Vojtech"]
[Result "1/2-1/2"]
[WhiteElo "1959"]
[BlackElo "1770"]
[PlyCount "28"]

1. e4 e5 2. Nf3 Nc6 3. Bb5 d6 4. d4 exd4 5. Nxd4 Bd7 6. Nc3 Nxd4 7. Bxd7+ Qxd7
8. Qxd4 Nf6 9. Bg5 Be7 10. O-O-O O-O 11. h3 a6 12. Rhe1 h6 13. Bh4 Rfe8 14. Kb1
Rad8 1/2-1/2

[Event "Brno festival"]
[Site "?"]
[Date "2015.08.29"]
[Round "8"]
[White "Kubala, Karel"]
[Black "Halamka, Radek"]
[Result "1/2-1/2"]
[WhiteElo "1955"]
[BlackElo "1741"]
[PlyCount "56"]

1. d4 e6 2. Nf3 Nf6 3. g3 d5 4. Bg2 Nbd7 5. O-O Be7 6. c4 O-O 7. Nc3 c6 8. cxd5
exd5 9. Qc2 Re8 10. a3 a5 11. Bd2 Bd6 12. e3 Nb6 13. Rfc1 Nc4 14. a4 Bg4 15. b3
Nxd2 16. Nxd2 Qd7 17. Qd3 Bh3 18. Bh1 Bf5 19. Qe2 Qe7 20. Nf1 Ne4 21. Nxe4 dxe4
22. Bg2 Qe6 23. Nd2 Bb4 24. Nc4 Bg4 25. Qc2 Rad8 26. Rf1 Bf5 27. Qe2 f6 28. Qc2
Bg6 1/2-1/2

[Event "Brno festival"]
[Site "?"]
[Date "2015.08.29"]
[Round "8"]
[White "Dvorakova, Olga"]
[Black "Meszaros, Ludek"]
[Result "0-1"]
[WhiteElo "1446"]
[BlackElo "2123"]
[PlyCount "90"]

1. d4 Nf6 2. Nf3 g6 3. Bg5 Bg7 4. Nbd2 d5 5. e3 O-O 6. Be2 b6 7. O-O Bb7 8. Ne5
Ne8 9. Bh4 f6 10. Nd3 Nd6 11. Bg3 Nd7 12. Nf4 Kf7 13. Bg4 f5 14. Bf3 c6 15. c3
e5 16. dxe5 Nxe5 17. Qe2 Qe7 18. Nd3 Nxf3+ 19. Nxf3 Kg8 20. Be5 Ba6 21. Bxg7
Kxg7 22. Qd2 Rfe8 23. Rfd1 Qf6 24. Nb4 Bb7 25. Qc2 Re7 26. b3 a5 27. Nd3 Ba6
28. Rac1 Rae8 29. Qd2 g5 30. h3 h6 31. Nd4 c5 32. Nf3 Ne4 33. Qc2 b5 34. Nb2
Bb7 35. Qd3 g4 36. Nd2 Nxf2 37. Kxf2 Rxe3 38. Qxe3 Rxe3 39. Kxe3 d4+ 40. Kd3
Bxg2 41. hxg4 fxg4 42. Rg1 Qf5+ 43. Ke2 Bf3+ 44. Nxf3 Qxf3+ 45. Ke1 Qe3+ 0-1

[Event "Brno festival"]
[Site "?"]
[Date "2015.08.29"]
[Round "8"]
[White "Paulik, Martin"]
[Black "Blazek, Pavel"]
[Result "1/2-1/2"]
[WhiteElo "1891"]
[BlackElo "1769"]
[PlyCount "73"]

1. c4 e6 2. Nc3 d5 3. e3 c5 4. d4 cxd4 5. exd4 Nc6 6. Nf3 Nf6 7. Be2 dxc4 8.
Bxc4 Be7 9. O-O O-O 10. Bf4 Nb4 11. Qb3 Nbd5 12. Be5 Nxc3 13. bxc3 b6 14. Rad1
Nd5 15. Be2 Bb7 16. c4 Nf6 17. Bxf6 Bxf6 18. d5 exd5 19. cxd5 Rc8 20. d6 Rc3
21. Qb1 Re8 22. Bd3 g6 23. Qb4 Rc5 24. Qf4 Bxf3 25. Qxf3 Re6 26. Bb1 Rxd6 27.
Rxd6 Qxd6 28. Qa8+ Kg7 29. Qxa7 Qc6 30. Qa3 Rc3 31. Qb4 Rc1 32. Qd2 Rc5 33. g3
Bc3 34. Qd3 Ba5 35. Qd4+ Kg8 36. Qd8+ Kg7 37. Qd4+ 1/2-1/2

[Event "Brno festival"]
[Site "?"]
[Date "2015.08.29"]
[Round "8"]
[White "Krejci, Petr"]
[Black "Janous, Petr"]
[Result "1/2-1/2"]
[WhiteElo "2047"]
[BlackElo "1883"]
[PlyCount "69"]

1. Nf3 d5 2. g3 c6 3. Bg2 Bg4 4. d4 Nd7 5. Nbd2 Ngf6 6. h3 Bh5 7. c4 e6 8. O-O
Be7 9. a4 a5 10. c5 O-O 11. Re1 b6 12. cxb6 Qxb6 13. e3 c5 14. dxc5 Nxc5 15. g4
Bg6 16. Ne5 Nd3 17. Nxd3 Bxd3 18. Nb3 Bg6 19. Nd4 Rac8 20. Re2 Ne4 21. Bd2 Nxd2
22. Qxd2 Rc7 23. Nb5 Rc2 24. Qd1 Rfc8 25. e4 Rxe2 26. Qxe2 dxe4 27. Bxe4 Bxe4
28. Qxe4 Bc5 29. Rf1 h6 30. Qf3 Rd8 31. Re1 Rd2 32. Re2 Rd1+ 33. Kg2 Qd8 34.
Rc2 Bb4 35. Rc8 1/2-1/2

[Event "Brno festival"]
[Site "?"]
[Date "2015.08.29"]
[Round "8"]
[White "Jurak, Stanislav"]
[Black "Hruza, Dominik"]
[Result "1-0"]
[WhiteElo "1835"]
[BlackElo "1652"]
[PlyCount "133"]

1. d4 d5 2. c4 c6 3. e3 Nf6 4. Nf3 a6 5. a3 b5 6. cxb5 cxb5 7. Nc3 Bb7 8. Bd3
e6 9. O-O Bd6 10. Bd2 Nbd7 11. Rc1 Nb6 12. Nb1 Nc4 13. Rc2 O-O 14. Qe2 Rc8 15.
Rfc1 Qb6 16. Qe1 Rfe8 17. Bc3 Ne4 18. Bxe4 dxe4 19. Nfd2 Bd5 20. f3 Qb8 21. h3
Qb7 22. Qf2 f5 23. f4 Qf7 24. Nf1 Qh5 25. Ng3 Qh4 26. Bd2 Rcd8 27. Nxe4 Qxf2+
28. Nxf2 h6 29. Re1 Kf7 30. Nc3 Nxd2 31. Rxd2 Bc4 32. Nfd1 b4 33. axb4 Bxb4 34.
Rc2 Bb3 35. Rc1 Rc8 36. Nf2 Red8 37. Nd3 Be7 38. Kf2 a5 39. Ke2 a4 40. Kd2 Rc7
41. Nb5 Rb7 42. Na3 Bd5 43. Rc2 Bxg2 44. Ne5+ Kg8 45. Kc1 Bxh3 46. Rg1 Bd6 47.
Nac4 Bf8 48. Na5 Rb5 49. Nac6 Ra8 50. Rg6 a3 51. bxa3 Rxa3 52. Rxe6 Rxe3 53.
Re8 Bg4 54. Ne7+ Kh7 55. Rxf8 Re1+ 56. Kd2 Rd1+ 57. Kc3 Rf1 58. Nf7 g6 59. Ne5
Bh5 60. Kc4 Rb6 61. Kd5 Rxf4 62. Rc7 Bf3+ 63. Nxf3 Kg7 64. Rfc8 g5 65. Ne5 h5
66. Nxf5+ Kf6 67. Rf7# 1-0

[Event "Brno festival"]
[Site "?"]
[Date "2015.08.29"]
[Round "8"]
[White "Kaplan, Milan"]
[Black "Effenberger, Adam"]
[Result "0-1"]
[WhiteElo "1815"]
[BlackElo "1785"]
[PlyCount "77"]

1. e4 c5 2. c3 g6 3. d4 cxd4 4. cxd4 d5 5. e5 Nc6 6. Bb5 Bg7 7. Bf4 Nh6 8. Ne2
O-O 9. Nbc3 Nf5 10. O-O f6 11. exf6 Bxf6 12. Bxc6 bxc6 13. Be5 Bxe5 14. dxe5
Rb8 15. Nd4 Nxd4 16. Qxd4 Qb6 17. Qh4 Bf5 18. Rfc1 Qxb2 19. Na4 Qxe5 20. Nc5
Bc8 21. Re1 Qf6 22. Qg3 Rb2 23. Nd3 Rd2 24. Qe3 Qc3 25. Rad1 Rxd1 26. Rxd1 Bf5
27. h3 Bxd3 28. Rxd3 Qa1+ 29. Kh2 Qxa2 30. Ra3 Qxf2 31. Qxe7 Rf7 32. Qe8+ Kg7
33. Qxc6 Qf4+ 34. Rg3 Rc7 35. Qa6 Rc3 36. Qxa7+ Kh6 37. Qf2 Qxf2 38. Rxc3 d4
39. Rf3 0-1

[Event "Brno festival"]
[Site "?"]
[Date "2015.08.29"]
[Round "8"]
[White "Zitny, Petr"]
[Black "Lisik, Miroslav"]
[Result "1/2-1/2"]
[WhiteElo "1848"]
[BlackElo "1692"]
[PlyCount "139"]

1. e4 c5 2. Nf3 g6 3. c4 Nc6 4. d4 cxd4 5. Nxd4 Nf6 6. Nc3 d6 7. Be2 Nxd4 8.
Qxd4 Bg7 9. Be3 O-O 10. Qd1 Bd7 11. O-O a6 12. f3 Qa5 13. Qd2 Rfe8 14. a3 b5
15. b4 Qc7 16. c5 dxc5 17. Bxc5 Bc6 18. Rac1 Rad8 19. Qe1 Rd7 20. Kh1 Qb8 21.
Qf2 e6 22. Be3 Rc8 23. Nb1 Ne8 24. Rc2 Bb7 25. Rfc1 Rxc2 26. Rxc2 Qe5 27. Rc1
f5 28. f4 Qb2 29. e5 Be4 30. Bf3 Qxf2 31. Bxf2 Bxf3 32. gxf3 Nc7 33. Rc6 Kf7
34. Bc5 g5 35. Bd6 Nd5 36. fxg5 Nf4 37. Rxa6 Bxe5 38. h4 Rxd6 39. Rxd6 Bxd6 40.
Nc3 Nd5 41. Nxb5 Bg3 42. h5 Bf4 43. g6+ hxg6 44. hxg6+ Kxg6 45. a4 Nxb4 46. Kg2
Kf6 47. Kf2 Ke5 48. a5 Kd5 49. Ke2 Kc4 50. Na7 Kb3 51. Nc8 Ka4 52. Nb6+ Kxa5
53. Nd7 Kb5 54. Nf8 e5 55. Ne6 Bh6 56. Nd8 Kc5 57. Nf7 Bf4 58. Nh8 Kd4 59. Ng6
Bg5 60. Nf8 Kd5 61. Nd7 f4 62. Nb6+ Ke6 63. Nc4 Bh4 64. Nd2 Bd8 65. Ne4 Be7 66.
Nd2 Nc2 67. Kd3 Nd4 68. Ke4 Bb4 69. Nc4 Nb3 70. Nxe5 {(R)} 1/2-1/2

[Event "Brno festival"]
[Site "?"]
[Date "2015.08.29"]
[Round "8"]
[White "Perutka, Tomas"]
[Black "Barak, David"]
[Result "0-1"]
[WhiteElo "1756"]
[BlackElo "1625"]
[PlyCount "84"]

1. e4 c5 2. Nc3 Nc6 3. d3 d6 4. g3 g6 5. Bg2 Bg7 6. f4 e6 7. Nf3 Nge7 8. O-O
O-O 9. Be3 b6 10. d4 Bb7 11. dxc5 dxc5 12. e5 Nf5 13. Bf2 Ba6 14. Qxd8 Rfxd8
15. Rfd1 Rac8 16. Ne4 Bf8 17. Nf6+ Kg7 18. Ng5 h6 19. Ngh7 Nce7 20. g4 Nd4 21.
Bxd4 cxd4 22. Rd2 Ng8 23. Nxf8 Kxf8 24. Nxg8 Kxg8 25. Rad1 Kg7 26. c3 dxc3 27.
Rxd8 Rxd8 28. Re1 cxb2 29. Be4 Bd3 30. Bxd3 Rxd3 31. Kf2 Rd2+ 32. Kg3 Rc2 33.
Rb1 Kf8 34. h4 Ke7 35. h5 gxh5 36. gxh5 Kd7 37. Kg4 Kc6 38. f5 Kc5 39. fxe6
fxe6 40. Kg3 Kc4 41. Rf1 Rc1 42. Rf4+ Kc5 0-1

[Event "Brno festival"]
[Site "?"]
[Date "2015.08.29"]
[Round "8"]
[White "Kosina, Vladimir"]
[Black "Feldvabl, Vilem"]
[Result "1-0"]
[WhiteElo "1734"]
[BlackElo "1628"]
[PlyCount "101"]

1. e4 d6 2. d4 g6 3. Be3 Bg7 4. f3 Nf6 5. Qd2 O-O 6. Nc3 Nbd7 7. O-O-O b6 8.
Bh6 e5 9. Bxg7 Kxg7 10. g4 Bb7 11. h4 h5 12. g5 Ng8 13. f4 exf4 14. Qxf4 Qe7
15. Nh3 f5 16. Nd5 Bxd5 17. exd5 Rae8 18. Bb5 Qf7 19. Qf3 Re4 20. Nf4 Rc8 21.
Bd3 Re7 22. Ne6+ Kh8 23. Ba6 Rce8 24. Bb5 Rc8 25. Rhe1 Nf8 26. Bc6 Nxe6 27.
dxe6 Qf8 28. Re3 Rg7 29. Bd7 Rb8 30. d5 Ne7 31. Rc3 Qd8 32. Qd3 a5 33. Qc4 Rb7
34. Qd4 Ng8 35. a4 Kh7 36. b3 Rxd7 37. exd7 Qxd7 38. Re1 Rb8 39. Rce3 Rf8 40.
Re6 Qf7 41. Qd3 Rd8 42. c4 Rf8 43. R1e3 Rd8 44. Qe2 Kh8 45. Qb2+ Kh7 46. Qd4
Rf8 47. Kc2 Rd8 48. Kd3 Rf8 49. Ke2 f4 50. Rf3 Qf5 51. Qe4 1-0

[Event "Brno festival"]
[Site "?"]
[Date "2015.08.29"]
[Round "8"]
[White "Zeman, Arnost"]
[Black "Tajovsky, Matej"]
[Result "1-0"]
[WhiteElo "1969"]
[BlackElo "1556"]
[PlyCount "53"]

1. c4 e5 2. Nc3 Nf6 3. g3 d5 4. cxd5 Nxd5 5. Bg2 Be6 6. Nf3 Nc6 7. Qa4 Qd7 8.
O-O Be7 9. Nxd5 Bxd5 10. Nxe5 Nxe5 11. Qxd7+ Nxd7 12. Bxd5 c6 13. Bg2 Bf6 14.
Rb1 O-O-O 15. b4 Nb6 16. e3 Nd5 17. d4 Nc3 18. Rb2 Nb5 19. Rc2 Rhe8 20. a4 Nd6
21. b5 Kb8 22. bxc6 bxc6 23. Rxc6 Re7 24. Ba3 Rdd7 25. Bh3 Rb7 26. Bxd6+ Ka8
27. Bg2 1-0

[Event "Brno festival"]
[Site "?"]
[Date "2015.08.29"]
[Round "8"]
[White "Vavrinkova, Eliska"]
[Black "Zikan, Karel"]
[Result "1-0"]
[WhiteElo "1695"]
[BlackElo "1735"]
[PlyCount "71"]

1. d4 d5 2. Nf3 Nf6 3. c4 e6 4. cxd5 exd5 5. Nc3 c6 6. Bg5 Bb4 7. a3 Bxc3+ 8.
bxc3 Qa5 9. Qb3 Ne4 10. Qb4 Qxb4 11. cxb4 Nxg5 12. Nxg5 Bf5 13. e3 a6 14. Be2
h6 15. Nf3 Bg4 16. h3 Bxf3 17. Bxf3 Nd7 18. O-O f5 19. Rfb1 Nf6 20. a4 O-O 21.
b5 cxb5 22. axb5 Ne4 23. bxa6 bxa6 24. Ra5 Rfd8 25. Bxe4 fxe4 26. Rb6 Rac8 27.
Rbxa6 h5 28. h4 Kh7 29. Ra7 Rc2 30. Rf7 Rc6 31. Rf5 g6 32. Rfxd5 Rc1+ 33. Kh2
Rf8 34. Ra2 Rf5 35. Rd7+ Kh6 36. Ra8 1-0

[Event "Brno festival"]
[Site "?"]
[Date "2015.08.29"]
[Round "8"]
[White "Glacner, Karel"]
[Black "Vavrinkova, Anna"]
[Result "1-0"]
[WhiteElo "1550"]
[BlackElo "1399"]
[PlyCount "49"]

1. b3 d5 2. Bb2 c6 3. e3 Bf5 4. Nf3 e6 5. c4 Nd7 6. Nd4 Bg6 7. Be2 Ngf6 8. O-O
Bd6 9. Nf3 O-O 10. Na3 Re8 11. cxd5 exd5 12. Rc1 Qe7 13. Nc2 c5 14. Nce1 Rac8
15. Nh4 Ne5 16. f4 Nc6 17. f5 d4 18. Nxg6 hxg6 19. fxg6 fxg6 20. Bc4+ Kh8 21.
Rf3 a6 22. Rh3+ Nh7 23. Qg4 g5 24. Rxh7+ Kxh7 25. Qh5# 1-0

[Event "Brno festival"]
[Site "?"]
[Date "2015.08.30"]
[Round "9"]
[White "Vyskocil, Neklan"]
[Black "Polak, Tomas"]
[Result "1/2-1/2"]
[WhiteElo "2376"]
[BlackElo "2524"]
[PlyCount "32"]

1. e4 c6 2. d4 d5 3. Nc3 dxe4 4. Nxe4 Bf5 5. Ng3 Bg6 6. h4 h6 7. Nf3 Nd7 8. h5
Bh7 9. Bd3 Bxd3 10. Qxd3 Ngf6 11. Bd2 e6 12. O-O-O Qc7 13. Ne4 O-O-O 14. g3
Nxe4 15. Qxe4 Bd6 16. Kb1 Rhe8 1/2-1/2

[Event "Brno festival"]
[Site "?"]
[Date "2015.08.30"]
[Round "9"]
[White "Zwardon, Vojtech"]
[Black "Lanc, Alois"]
[Result "1/2-1/2"]
[WhiteElo "2398"]
[BlackElo "2290"]
[PlyCount "76"]

1. c4 e5 2. g3 Nc6 3. Bg2 g6 4. Nc3 Bg7 5. d3 d6 6. Rb1 a5 7. a3 f5 8. Bd2 Nf6
9. b4 axb4 10. axb4 O-O 11. e3 Qe8 12. b5 Nd8 13. Nge2 g5 14. h4 g4 15. Nd5
Nxd5 16. cxd5 Bd7 17. b6 c5 18. O-O Qh5 19. Qb3 Nf7 20. Ra1 Rab8 21. Ra7 Bf6
22. Qc4 Bd8 23. Rb1 Nh8 24. d4 f4 25. dxe5 fxg3 26. fxg3 Qxe5 27. e4 Ng6 28.
Nf4 Nxf4 29. Bxf4 Rxf4 30. gxf4 Qxf4 31. Ra3 Bxh4 32. Rf1 Qh6 33. e5 Bg5 34. e6
Be3+ 35. Rxe3 Qxe3+ 36. Kh1 Qh6+ 37. Kg1 Qe3+ 38. Kh1 Qh6+ 1/2-1/2

[Event "Brno festival"]
[Site "?"]
[Date "2015.08.30"]
[Round "9"]
[White "Roubalik, Jakub"]
[Black "Strebkovs, Andrejs"]
[Result "1/2-1/2"]
[WhiteElo "2379"]
[BlackElo "2358"]
[PlyCount "83"]

1. d4 d5 2. c4 e6 3. Nc3 Be7 4. cxd5 exd5 5. Bf4 c6 6. e3 Bd6 7. Bxd6 Qxd6 8.
Bd3 Ne7 9. Qc2 g6 10. Nf3 Bf5 11. Bxf5 Nxf5 12. O-O-O Na6 13. g4 Ne7 14. Ne5 f6
15. Nd3 Nb4 16. Nxb4 Qxb4 17. Na4 Qd6 18. Nc5 b6 19. Nd3 O-O-O 20. Kb1 Kb8 21.
Rc1 Rc8 22. h3 Qe6 23. Ka1 Qe4 24. Qb3 Ka8 25. Rhg1 g5 26. Qa3 h5 27. Qd6 hxg4
28. hxg4 Qxd3 29. Qxe7 Qg6 30. Rh1 Rhe8 31. Qd7 Red8 32. Qe7 Re8 33. Qd7 Red8
34. Qh7 Qxh7 35. Rxh7 c5 36. dxc5 Rxc5 37. Kb1 d4 38. exd4 Rxc1+ 39. Kxc1 Rxd4
40. f3 Rb4 41. Rh3 Kb7 42. Kc2 1/2-1/2

[Event "Brno festival"]
[Site "?"]
[Date "2015.08.30"]
[Round "9"]
[White "Vechet, Stanislav"]
[Black "Fiala, Vaclav"]
[Result "0-1"]
[WhiteElo "2168"]
[BlackElo "2241"]
[PlyCount "84"]

1. d4 d5 2. c4 e6 3. Nf3 c6 4. cxd5 exd5 5. Nc3 Bd6 6. Bg5 f6 7. Bd2 Bf5 8. Nh4
Be6 9. e3 Ne7 10. Bd3 Nd7 11. Qc2 g6 12. g3 a6 13. f4 c5 14. f5 Bf7 15. O-O-O
g5 16. dxc5 Nxc5 17. Nf3 Nc6 18. Be2 Nb4 19. Qb1 d4 20. Nxd4 Be5 21. Rde1 O-O
22. Bf1 Rc8 23. h4 Bxd4 24. exd4 Nxa2+ 25. Qxa2 Bxa2 26. dxc5 Bd5 27. Rh2 Rxc5
28. hxg5 fxg5 29. Bd3 Bf7 30. Bc2 Re8 31. Ne4 Rxc2+ 32. Kxc2 Qc8+ 33. Bc3 Qxf5
34. Rf2 Qxe4+ 35. Rxe4 Rxe4 36. Rf5 Bg6 37. Rf6 Re3+ 38. Kd2 Rxg3 39. Rd6 Be4
40. Be5 Rf3 41. Rd7 Rf5 42. Bc3 Rd5+ 0-1

[Event "Brno festival"]
[Site "?"]
[Date "2015.08.30"]
[Round "9"]
[White "Kozusek, Daniel"]
[Black "Popper, Tomas"]
[Result "1-0"]
[WhiteElo "2347"]
[BlackElo "2034"]
[PlyCount "72"]

1. d4 Nf6 2. g3 g6 3. Bg2 Bg7 4. e4 d6 5. Ne2 Nbd7 6. O-O e5 7. Nbc3 O-O 8. h3
Re8 9. Re1 c6 10. a4 Nf8 11. Be3 Qc7 12. Qd2 Bd7 13. Rad1 Rad8 14. f4 Nh5 15.
f5 exd4 16. Bxd4 Bxd4+ 17. Qxd4 Ng7 18. g4 Bc8 19. Qxa7 Nd7 20. Qf2 Ne5 21. Nf4
g5 22. Nd3 f6 23. Nxe5 Rxe5 24. Bf1 h5 25. Bc4+ Kf8 26. h4 hxg4 27. hxg5 fxg5
28. Qh2 d5 29. Bb3 Ne8 30. Qh8+ Kf7 31. Qh6 Qd6 32. Qh7+ Kf8 33. Qh8+ Kf7 34.
Nxd5 cxd5 35. Rxd5 Qb6+ 36. Rd4+ Qxb3 1-0

[Event "Brno festival"]
[Site "?"]
[Date "2015.08.30"]
[Round "9"]
[White "Chudinovskikh, Alexander"]
[Black "Skacelik, Petr"]
[Result "1/2-1/2"]
[WhiteElo "2275"]
[BlackElo "2172"]
[PlyCount "128"]

1. d4 Nf6 2. Nf3 g6 3. g3 Bg7 4. Bg2 O-O 5. O-O d6 6. Re1 Nbd7 7. e4 e5 8. Nc3
c6 9. a4 Qc7 10. a5 Re8 11. h3 Nf8 12. Be3 Bd7 13. Qd2 b5 14. axb6 axb6 15. Kh2
Ne6 16. Rad1 Bf8 17. Re2 b5 18. dxe5 dxe5 19. Bh6 Bc5 20. Nb1 b4 21. Qe1 Rad8
22. Nbd2 Bc8 23. Ra1 Nd4 24. Nxd4 Bxd4 25. Qc1 Be6 26. Nf3 Bc5 27. Qg5 Nd7 28.
Rd2 Be7 29. Qe3 Bc5 30. Qe2 f6 31. b3 Nb6 32. Be3 Rxd2 33. Nxd2 Bxe3 34. Qxe3
c5 35. Ra5 Rc8 36. Bf1 Qd6 37. Ra6 Ra8 38. Nc4 Bxc4 39. Bxc4+ Kg7 40. Rxa8 Nxa8
41. Kg2 Nb6 42. Bd3 Qd4 43. Qc1 Nc8 44. Qe1 Nd6 45. Qe2 Qc3 46. h4 Qd4 47. Kh3
Nc8 48. Qg4 Nb6 49. Qe2 Nc8 50. f4 Qd7+ 51. Kg2 Nd6 52. fxe5 fxe5 53. Qd2 Qc7
54. Qg5 Nf7 55. Qg4 Qe7 56. Bc4 Nd6 57. Bd5 Nb5 58. h5 Nd4 59. Qh3 gxh5 60.
Qxh5 Qf6 61. Qg4+ Kh6 62. Qh3+ Kg7 63. Qd7+ Kh6 64. Qh3+ Kg7 1/2-1/2

[Event "Brno festival"]
[Site "?"]
[Date "2015.08.30"]
[Round "9"]
[White "Dvorak, Adam"]
[Black "Pokorny, Petr"]
[Result "1/2-1/2"]
[WhiteElo "2230"]
[BlackElo "2164"]
[PlyCount "41"]

1. d4 e6 2. c4 f5 3. Nc3 Nf6 4. e3 d5 5. cxd5 exd5 6. Nh3 c6 7. Be2 Bd6 8. O-O
O-O 9. Nf4 Qe7 10. Qc2 Ne4 11. Nd1 Nd7 12. f3 Ng5 13. Nf2 Nf6 14. N4d3 Rf7 15.
Bd2 Be6 16. Nc5 Re8 17. Bd3 g6 18. Rae1 Qc7 19. f4 Nge4 20. Bb4 Qe7 21. Bxe4
1/2-1/2

[Event "Brno festival"]
[Site "?"]
[Date "2015.08.30"]
[Round "9"]
[White "Habina, Martin"]
[Black "Novosadova, Kristyna"]
[Result "1/2-1/2"]
[WhiteElo "2010"]
[BlackElo "2226"]
[PlyCount "33"]

1. e4 e5 2. Nf3 Nc6 3. d4 exd4 4. c3 d5 5. exd5 Qxd5 6. cxd4 Bb4+ 7. Nc3 Bg4 8.
Be2 O-O-O 9. O-O Qd7 10. Qa4 Nf6 11. Bg5 Bd6 12. Bxf6 gxf6 13. d5 Bxf3 14. Bxf3
Ne5 15. Qxd7+ Rxd7 16. Be4 Re7 17. Bf5+ {(R)} 1/2-1/2

[Event "Brno festival"]
[Site "?"]
[Date "2015.08.30"]
[Round "9"]
[White "Licka, Vlastimil"]
[Black "Musil, Jiri"]
[Result "0-1"]
[WhiteElo "1950"]
[BlackElo "2122"]
[PlyCount "56"]

1. e4 c5 2. Nf3 d6 3. d4 cxd4 4. Nxd4 Nf6 5. Nc3 a6 6. Bg5 e6 7. Qd2 b5 8. a3
Bb7 9. g3 Be7 10. Bxf6 Bxf6 11. Bg2 Nd7 12. Nde2 Qb6 13. Rd1 Ne5 14. b3 O-O 15.
O-O Rfd8 16. Kh1 Rac8 17. f4 Ng4 18. h3 Nf2+ 19. Kh2 Nxd1 20. Nxd1 Qc5 21. Ne3
Qxa3 22. g4 Qc5 23. b4 Bc3 24. Nxc3 Qxc3 25. Qf2 Qxb4 26. f5 Qc5 27. Qf3 Qe5+
28. Kh1 Rc3 0-1

[Event "Brno festival"]
[Site "?"]
[Date "2015.08.30"]
[Round "9"]
[White "Krajicek, Filip"]
[Black "Zpevakova, Jana"]
[Result "1/2-1/2"]
[WhiteElo "1663"]
[BlackElo "1997"]
[PlyCount "135"]

1. d4 Nf6 2. Nf3 c5 3. e3 e6 4. b3 Nc6 5. Bb2 Be7 6. c4 d5 7. Be2 O-O 8. O-O b6
9. dxc5 bxc5 10. Nc3 d4 11. Nb5 a6 12. Na3 e5 13. Re1 e4 14. exd4 cxd4 15. Nd2
Bf5 16. Bf1 Qc7 17. Nc2 Rad8 18. h3 Qf4 19. g3 Qh6 20. Bg2 Bxh3 21. Bxe4 d3 22.
Ne3 Nxe4 23. Nxe4 Nd4 24. Nd5 Rxd5 25. cxd5 Ne2+ 26. Rxe2 dxe2 27. Qxe2 Bd7 28.
Qd2 Qg6 29. Qf4 f5 30. Qc7 Qe8 31. Nd6 Qd8 32. Qxd8 Rxd8 33. Nc4 Be8 34. Rd1
Bf7 35. d6 Bxc4 36. bxc4 Rxd6 37. Rxd6 Bxd6 38. Kg2 Bc5 39. f3 Kf7 40. g4 g6
41. gxf5 gxf5 42. Kg3 Ke6 43. Kf4 Bd6+ 44. Kg5 Bf8 45. Bd4 h6+ 46. Kg6 f4 47.
Bc3 Kd7 48. Bd2 Kc6 49. Bc1 a5 50. Kf5 Be7 51. Bxf4 Kc5 52. Bxh6 Kxc4 53. Ke6
Bb4 54. Bg7 Kd3 55. f4 Kc2 56. f5 Kb1 57. a4 Ka2 58. Be5 Kb3 59. f6 Kxa4 {
Diagram #} 60. Bd6 Bc3 61. Be5 $4 (61. f7 Bg7 62. Kf5 Kb5 63. Kg6 $18) 61...
Bb4 $4 62. Kd7 $4 Kb3 63. f7 Bf8 64. Bd6 Bg7 65. Ke8 a4 66. Be5 Bh6 67. Bf4 Bg7
68. Be5 1/2-1/2